Terapéutica ginecológica / (Record no. 38235)
[ view plain ]
| 000 -LEADER | |
|---|---|
| campo de control de longitud fija | 00529nam a2200169 i 4500 |
| 001 - NÚMERO DE CONTROL | |
| campo de control | 38235 |
| 003 - IDENTIFICADOR DE NÚMERO DE CONTROL | |
| campo de control | ES-MaACL |
| 007 - CAMPO FIJO DE DESCRIPCIÓN FÍSICA--INFORMACIÓN GENERAL | |
| campo de control de longitud fija | t| |
| 008 - DATOS DE LONGITUD FIJA--INFORMACIÓN GENERAL | |
| campo de control de longitud fija | 030225s1946 ag ||||1| spa d |
| 100 1# - ENTRADA PRINCIPAL--NOMBRE DE PERSONA | |
| Nombre de persona | Calatroni, Carlos J. |
| 9 (RLIN) | 33552 |
| 245 10 - MENCIÓN DEL TÍTULO | |
| Título | Terapéutica ginecológica / |
| Mención de responsabilidad, etc. | por Carlos J. Calatroni, Vicente Ruiz. |
| 250 ## - MENCION DE EDICION | |
| Mención de edición | 4ª ed. |
| 260 ## - PUBLICACIÓN, DISTRIBUCIÓN, ETC. | |
| Lugar de publicación, distribución, etc. | Buenos Aires : |
| Nombre del editor, distribuidor, etc. | "El Ateneo", |
| Fecha de publicación, distribución, etc. | 1946 ( |
| Fabricante | Imp. Ferrari Hermanos) |
| 300 ## - DESCRIPCIÓN FÍSICA | |
| Extensión | 1155 p., 15 lám. : |
| Otras características físicas | il. ; |
| Dimensiones | 27 cm. |
| 700 1# - ENTRADA AGREGADA--NOMBRE PERSONAL | |
| Nombre de persona | Ruiz, Vicente. |
| 9 (RLIN) | 100633 |
| 852 ## - LOCALIZACIÓN | |
| Ubicación | ES-MaACL |
| Número de control de estantería | E-324 |
| Sublocalización o colección | R.27005 |
| Estatus retirado | Estado de pérdida | Estado de daño | No para préstamo | Biblioteca de origen | Biblioteca actual | Ubicación en estantería | Fecha de adquisición | Fuente de adquisición | Total de préstamos | Signatura topográfica completa | Código de barras | Visto por última vez | Precio de reemplazo | Tipo de ítem Koha |
|---|---|---|---|---|---|---|---|---|---|---|---|---|---|---|
| Biblioteca del Ateneo de Madrid | Biblioteca del Ateneo de Madrid | Depósito 2 | 17/01/2008 | E-324 | 1040248 | 23/02/2023 | 23/02/2023 | Libro impreso |
